Normal view
MARC view
Entry Corporate Name
001 - CONTROL NUMBER
- control field: 35293
003 - CONTROL NUMBER IDENTIFIER
- control field: dpl
005 - DATE AND TIME OF LATEST TRANSACTION
- control field: 20111007115744.0
008 - FIXED-LENGTH DATA ELEMENTS
- fixed length control field: 111007|||a|||||| | ||| d
040 ## - CATALOGING SOURCE
- Original cataloging agency: dpl
- Transcribing agency: dpl
110 ## - HEADING--CORPORATE NAME
- Corporate name or jurisdiction name as entry element: Nehru Centre.
670 ## - SOURCE DATA FOUND
- Source citation: Work cat.: (dpl)28298: Boyden, Wallace C. 35291, A first book in algebra /, 2008(repr.).
670 ## - SOURCE DATA FOUND
- Source citation: Work cat.: (dpl)28298: Boyden, Wallace C. 35291, A first book in algebra /, 2008(repr.).
